000 01239nam0a22002771 4500
001 rc\4994235
005 20250613063805.0
021 _aRU
_b[57-55124]
035 _a(NLR Aleph) 008989305
090 _a9236113
_c9236113
100 _a20130430d1957 |||y0rusy50 ca
101 0 _arus
102 _aRU
105 _ay z |||||
200 1 _aТипы пропашных тракторов для условий поливного хлопководства
210 _aТашкент
_cБ. и.
_d1957
215 _a15 с.
_cграф.
_d20
225 1 _aМинистерство сельского хозяйства СССР. [Главное управление сельско-хозяйственной науки Министерства сельского хозяйства УзССР]. Материалы к Всесоюзной объединенной научной сессии по хлопководству в Ташкенте, 1957 г.
333 _aНа правах рукописи
606 _aТракторы
_2psbo
700 1 _aСпиридонов
_bП.В.
_gПлатон Васильевич
801 0 _aRU
_bNLR
_gpsbo
801 1 _aRU
_bELAR
_2rusmarc
852 _aNLR
_j57-4/14197
942 _cBOOK
980 _aNB